LEADER 01071nam a2200277 u 4500 001 000000016185 003 CaOOAMICUS 005 20070226105950.0 008 941215s1961 be u000 u fre u 035 $a10379585 040 $aPUL(R)$bita 100 1 $aJournet, Charles,$ccard.,$d1891-1975.$0(OLS)http://pul/name/6270 245 13$aLe mal :$bessai théologique /$cCharles Journet. 260 $a[Bruges] :$bDesclée de Brouwer,$cc1961. 300 $a334 p. ;$c20 cm 490 1 $aTextes et études théologiques 500 $aComprende indici. 504 $aBibliografia in nota. 650 4$aMale.$0(OLS)http://pul/subject/5638 830 0$aTextes et études théologiques.$0(OLS)http://pul/title/10176 850 $aPUL 852 $aPUL$W1$xSL Religione 1$y3$m56 H 3$j22810$nBK-PRI$b $qStampati$B22810$CPULBib$Z2$F22810 $H $81 941 1 $a8 961 $aINV: 26150 996 $6245$aLe mal :$bessai théologique$9(OLS)http://pul/title/23105 996 $6260$a[Bruges] :$bDesclée de Brouwer$9(OLS)http://pul/publisher/51788 LEADER 01265nam a2200301 a 4500 001 000000137955 003 CaOOAMICUS 005 20140328114915.0 008 140328s1998 sp u000 u spa r 020 $a84-8164-273-8 040 $aPUL$bita 082 04$a302.09 100 1 $aMartín-Baró, Ignacio.$0(OLS)http://pul/name/89007 245 10$aPsicología de la liberación /$cIgnacio Martín-Baró ; edición, introducción y notas de Amalio Blanco ; epílogo de Noam Chomsky. 260 $aMadrid :$bTrotta,$c©1998. 300 $a374 p. ;$c23 cm 504 $aBibliografia p. 357-370. 650 4$aPsicologia sociale.$0(OLS)http://pul/subject/4383 700 1 $aChomsky, Noam,$d1928-$0(OLS)http://pul/name/38576 700 1 $aBlanco, Amalio.$0(OLS)http://pul/name/89008 850 $aPUL 852 $aPUL$W1$xDP2 Diritto e Scienze Sociali 3$y110$m302. 09 BARMA 1$j159023$qDDC 21$B158575$CPULBib$Z2$F158575 $H92626 $82 941 1 $a9 996 $6020$a84-8164-273-8$9(OLS)http://pul/number/154952 996 $6082$a302.09$9(OLS)http://pul/classification/2618 996 $6245$aPsicología de la liberación$9(OLS)http://pul/title/174688 996 $6260$aMadrid :$bTrotta$9(OLS)http://pul/publisher/71367